[Event "7th Uppsala Young Champions"]
[Site "Uppsala"]
[Date "2020.10.27"]
[Round "7.1"]
[White "Pantzar, Milton"]
[Black "Stefansson, Vignir Vatnar"]
[Result "1-0"]
[WhiteElo "2410"]
[BlackElo "2313"]
[Annotator "TA"]
[PlyCount "66"]
[EventDate "2020.10.23"]
[EventType "swiss"]
[EventCountry "SWE"]
[SourceTitle "playchess.com"]
[Source "ChessBase"]
[SourceQuality "1"]

{[%evp 10,66,16,16,28,0,0,-13,0,0,0,7,25,26,57,41,43,33,20,16,79,17,27,8,31,8,42,33,47,39,29,0,12,7,0,-68,-65,-86,-71,-91,-18,-38,195,193,188,202,214,174,193,179,192,197,491,477,749,802,652,610,29998]} 1. d4 e6 2. c4 Bb4+ 3. Nc3 c5 4. d5 Nf6 5. f3 d6 6. e4 b5 {E20: Nimzo-Indian: 4 g3 and 4 f3.} 7. Nge2 bxc4 8. Nf4 Bxc3+ {The position is equal.} (8... e5 $5 9. Nfe2 $8 Nbd7 $11) 9. bxc3 e5 10. Ne2 $1 Nh5 11. h4 {[#]} Qa5 $146 ({Predecessor:} 11... Nd7 12. g4 Qf6 13. Kf2 Nf4 14. Nxf4 exf4 15. Qd2 h6 16. Bxc4 Ne5 17. Be2 g5 {0-1 (36) Kravtsiv,M (2644)-Moiseenko,A (2640) Kiev 2018}) 12. g4 {[%mdl 1024] White has compensation.} Nf6 13. Be3 h5 14. g5 Ng8 (14... Nfd7 $11) 15. f4 ({White should try} 15. Ng3 $16) 15... Bg4 $11 16. Qd2 Nd7 17. Ng3 Ne7 18. f5 $1 g6 {[%cal Rg6f5]} 19. f6 Nc8 20. Bxc4 Ncb6 21. Bb3 c4 $1 {[%cal Rc4b3]} 22. Bd1 (22. Bc2 $11) 22... Bxd1 $1 $15 23. Rxd1 Na4 24. O-O {[#]} Ndc5 (24... Rb8 $1 $17) 25. Rb1 $1 $11 {[%cal Bd1b1,Bb1b7,Bb7e7][%mdl 32]} Nd3 $2 {Loses the game.} (25... Nxc3 $6 26. Rfc1 $14) (25... Qc7 $15 {keeps the upper hand.}) 26. Rb7 $18 Qxc3 {White should prevent ...0-0.} 27. Re7+ Kf8 {[#]} 28. Qxc3 $1 Nxc3 29. Rc7 Na4 30. Rb1 ({Don't take} 30. Rxc4 $6 Ndc5 $14) 30... Ke8 $2 (30... Kg8 {was called for.} 31. Ne2 (31. Rxc4 Ndc5 $14) (31. Bxa7 Ndc5 $16) 31... a6 32. Rxc4 Ndc5) 31. Rbb7 {White is clearly winning.} Nac5 (31... Ndc5 $142 32. Re7+ Kd8) 32. Rxa7 {[%cal Ra7a8]} Rb8 33. Rxf7 Rf8 {Av CentiPawn Loss W=-14/B=-72. Weighted=-15/-85} 1-0

[Event "7th Uppsala Young Champions"]
[Site "Uppsala"]
[Date "2020.10.27"]
[Round "7.2"]
[White "Van Dael, Siem"]
[Black "Sorensen, Hampus"]
[Result "1-0"]
[WhiteElo "2285"]
[BlackElo "2393"]
[Annotator "TA"]
[PlyCount "103"]
[EventDate "2020.10.23"]
[EventType "swiss"]
[EventCountry "SWE"]
[SourceTitle "playchess.com"]
[Source "ChessBase"]
[SourceQuality "1"]

{[%evp 9,103,23,19,16,14,12,14,8,6,8,10,0,0,0,0,-8,14,12,0,12,10,4,13,8,10,-6,0,0,48,16,60,41,53,31,43,25,33,29,39,38,95,108,99,95,149,153,300,285,406,417,436,405,477,472,506,467,387,362,929,631,630,622,622,616,920,912,855,845,796,747,6291,5285,1570,2061,3833,1787,2312,1313,2382,2480,1841,1616,29980,1334,29986,2474,29993,29981,29975,29971,29989,29989,29989,29989,29998,29999]} 1. a3 d5 2. Nf3 Nf6 3. g3 Nbd7 4. d4 Nb6 5. Bg2 {[#]} Bf5 $146 ({Predecessor:} 5... h6 6. b3 Bf5 7. c4 c6 8. Nbd2 e6 9. Bb2 Be7 10. Ne5 O-O 11. Rc1 Nbd7 12. Nxd7 Qxd7 {1-0 (30) Falyano,G (1830)-Chernyshov,A (2050) Kolomna 2012}) 6. O-O {A00: Irregular Openings.} e6 7. Nbd2 h6 8. c4 {The position is equal.} c6 9. b3 Be7 10. Re1 Nbd7 11. Bb2 O-O 12. Ne5 Qc7 13. Nxd7 Qxd7 14. e3 Rad8 15. Qe2 Qc7 16. Rac1 a5 17. c5 Bh7 18. b4 {[%cal Bb3b4,Bb4b5,Bb5b6][%mdl 32]} Nd7 19. Bc3 a4 20. b5 Rfe8 21. b6 Qb8 22. Qd1 Qa8 23. Nf3 e5 24. Bh3 $36 {[%mdl 2048] White is pushing.} e4 (24... Be4 $14) 25. Nd2 $1 $16 {White leaves nothing to chance now.} f5 26. Rb1 Rf8 (26... Bf6 $142) 27. Rb4 f4 (27... Bf6 $16) 28. exf4 ({Don't do} 28. gxf4 $6 Bf5 $18) ({Not} 28. Rxa4 fxe3 29. fxe3 (29. Rxa8 exf2+ 30. Kg2 fxe1=N+ 31. Qxe1 Rxa8 $16) 29... Qc8 $16) 28... g5 (28... Bf5 $142) 29. fxg5 $18 Bxg5 30. f4 exf3 31. Nxf3 Nf6 32. Nxg5 hxg5 33. Bd2 Ne4 $2 (33... Rde8 34. Bxg5 Rxe1+ 35. Qxe1 Ne4) 34. Rxa4 Qxa4 35. Qxa4 Nxd2 36. Bg2 Be4 37. Qd1 Nf3+ 38. Bxf3 $1 Rxf3 39. Rf1 Rxa3 {[#]} 40. Qc1 $1 Rda8 41. Qxg5+ Kh8 42. Qe7 (42. Qh4+ $142 Kg8 43. Qg5+ Kh8 44. Qf6+ Kg8 45. Qf7+ Kh8 46. Qe7) 42... Kg8 43. Qf7+ Kh8 44. Rf6 {Rh6+ would kill now.} Ra1+ 45. Kf2 {White wants to mate with Rh6+.} Bh7 46. Kf3 (46. Kg2 $142 Re1 47. Qxb7 Rae8 48. Rh6 $1 {[%mdl 512]} R1e7 49. Qxc6 Kg8 50. Qxd5+ Kg7 51. Qg5+ Kf8 52. Rf6+ Rf7 53. Qh6+ Kg8 54. Rxf7 {[%mdl 64] Overworked Piece} Kxf7 55. Qxh7+ Kf6 56. Qh6+ Kf7 57. c6) 46... R1a3+ 47. Kf4 (47. Kg2 $142 Rg8 48. Qxb7 Be4+ 49. Kh3 Rg6 50. Qxc6 Bf5+ {[#]} 51. Kh4 $1 {[%mdl 512]} Kg7 52. Rxg6+ Bxg6 53. b7) 47... Ra1 48. Kg4 {White mates.} Rg8+ 49. Kh3 Rg1 50. Qe7 Rg7 51. Qe8+ Bg8 52. Rh6+ {Av CentiPawn Loss W=-89/B=-81. Weighted=-80/-191} 1-0

[Event "7th Uppsala Young Champions"]
[Site "Uppsala"]
[Date "2020.10.27"]
[Round "7.3"]
[White "Kusa, Jakub"]
[Black "Seo, Jung Min"]
[Result "0-1"]
[WhiteElo "2233"]
[BlackElo "2455"]
[Annotator "TA"]
[PlyCount "60"]
[EventDate "2020.10.23"]
[EventType "swiss"]
[EventCountry "SWE"]
[SourceTitle "playchess.com"]
[Source "ChessBase"]
[SourceQuality "1"]

{[%evp 22,60,30,29,43,41,35,41,41,32,35,16,38,11,30,0,13,0,14,-108,-85,-103,-67,-143,-142,-143,-146,-145,-136,-296,-295,-310,-281,-593,-589,-554,-551,-29988,-29989,-29992,-29993]} 1. e4 {CB} c5 2. Nf3 Nc6 3. Bb5 g6 4. Bxc6 bxc6 5. O-O Bg7 6. Re1 Nh6 7. c3 O-O 8. d4 cxd4 9. cxd4 f6 10. Nc3 d6 11. h3 Nf7 12. Be3 Qa5 {B31: Sicilian: 2...Nc6 3 Bb5 g6.} 13. Qd2 Re8 14. Rac1 Bd7 {White is slightly better.} 15. b3 Rad8 {[#]} 16. Nb1 $146 ({Predecessor:} 16. Qb2 f5 17. Bd2 fxe4 18. Nxe4 Qd5 19. Qa3 Ra8 20. Qa6 Nd8 21. Nc3 Qf5 22. Re4 {1-0 (58) Nepomniachtchi,I (2717)-Moiseenko,A (2706) Riga 2013 CBM 156 Extra [CB]}) 16... Qa6 17. d5 Rc8 18. dxc6 Bxc6 19. Nc3 Qb7 20. Qd3 {[#]} (20. Nd4 $11 {keeps the balance.}) 20... f5 $1 $17 {[%cal Rf5e4][%mdl 512]} 21. Ng5 (21. exf5 Bxf3) 21... Bxc3 22. Qxc3 (22. Rxc3 $15 Bxe4 23. Nxe4 fxe4 24. Qd4) 22... Bxe4 23. Qd4 {[#]} e5 $1 $36 {[%cal Re5d4][%mdl 2048] Black is on the roll.} ({Don't take} 23... Bxg2 24. Nxf7 Kxf7 25. Rxc8 $15) 24. Rxc8 Rxc8 (24... exd4 $2 {perishes.} 25. Rxe8+ Kg7 26. Bxd4+ Ne5 27. Nxe4 $18) 25. Qd2 $2 (25. Qd1 $17 {was forced.}) 25... Bxg2 $19 26. Nxf7 Kxf7 27. Qxd6 $2 (27. f4 {nothing else works.} Bxh3 28. Re2) 27... Bxh3 {[%csl Gh3][%cal Rb7g2]} 28. f3 f4 29. Bc5 Qxf3 {[%csl Gh3][%cal Rf3g2]} 30. Qe7+ Kg8 {Black took control after the opening. Av CentiPawn Loss W=-97/B=-9. Weighted=-158/-8} 0-1

[Event "7th Uppsala Young Champions"]
[Site "Uppsala"]
[Date "2020.10.27"]
[Round "7.4"]
[White "Blohberger, Felix"]
[Black "Soderstrom, Adrian"]
[Result "1-0"]
[WhiteElo "2467"]
[BlackElo "2168"]
[Annotator "TA"]
[PlyCount "87"]
[EventDate "2020.10.23"]
[EventType "swiss"]
[EventCountry "SWE"]
[SourceTitle "playchess.com"]
[Source "ChessBase"]
[SourceQuality "1"]

{[%evp 9,87,10,27,-6,3,-8,0,10,16,0,34,40,43,31,50,32,57,0,7,0,-9,-6,-20,-66,-56,-87,-60,-40,-55,-75,-37,-25,-41,-27,-6,-59,-37,-33,0,0,0,-7,-20,-25,8,4,44,29,108,121,125,78,197,98,114,111,124,124,135,133,165,163,172,161,208,106,121,111,269,243,649,654,612,500,29988,29989,29990,29990,29991,29992]} 1. a3 d5 2. Nf3 Nf6 3. d4 c6 4. Bf4 Nh5 5. Bd2 g6 {[#]} 6. Qc1 $146 {A00: Irregular Openings.} ({Predecessor:} 6. e3 Bg7 7. c4 O-O 8. Nc3 Nf6 9. cxd5 cxd5 10. Ne5 e6 11. Be2 Nfd7 12. Nxd7 Bxd7 {½-½ (12) Welling,G (2378)-Saltaev,M (2500) Gausdal 2008}) 6... Nd7 7. Nc3 Nhf6 8. Bh6 {The position is equal.} Qc7 9. Bxf8 Kxf8 10. Qh6+ Kg8 11. e3 e5 12. Be2 e4 13. Ng5 (13. Nd2 $14) 13... Qd6 14. f3 exf3 15. gxf3 Qf8 16. Qh4 Qe7 $1 $36 {[%mdl 2048] White is under pressure.} 17. Qf2 h6 18. Nh3 Nh5 19. O-O-O Ndf6 20. Ng1 Bf5 21. Bd3 Ng7 22. Bxf5 (22. e4 $11 dxe4 23. Re1) 22... Nxf5 $15 23. Re1 Nd6 24. Nge2 a5 25. Ng3 b5 {[%cal Bb7b5,Bb5b4][%mdl 32]} 26. Nb1 b4 27. a4 Qc7 28. e4 Nc4 (28... Nb7 $11 {remains equal.}) 29. e5 $16 {And now b3 would win.} Nd7 30. b3 Na3 (30... Ncb6 $16) 31. Kb2 (31. f4 $18 {has better winning chances.}) 31... c5 32. e6 fxe6 33. Rxe6 {Threatens to win with Nf5!} Nf8 34. Re5 {[%cal Be6e5,Be5d5,Bd5d6][%mdl 32]} cxd4 35. Rxd5 Ne6 36. Ne4 Kg7 {[#]} 37. Nxa3 ({White should try} 37. Nc5 $1 $18 {[%mdl 512]} Nxc5 38. Qxd4+ {[%mdl 64] Double Attack} Kh7 39. Rxc5) 37... bxa3+ 38. Kxa3 Rhc8 $2 {Loses the game.} (38... Rhd8 $16 39. Rb5 d3) 39. Rg1 {Strongly threatening Qh4.} Rab8 $2 (39... Rd8 40. Rf5 d3) 40. Rd6 $18 Qe7 {[#]} 41. Qg3 $1 Qf7 (41... Nf8 $18 42. Kb2 Kh8 43. Rxg6 Nxg6 44. Qxg6 Qf8) 42. Qe5+ {[%mdl 64] Double Attack. White mates.} Kh7 {[#]} 43. Rd7 $1 {[%mdl 512]} Rxb3+ (43... Qxd7 44. Nf6+) 44. cxb3 {Av CentiPawn Loss W=-17/B=-56. Weighted=-18/-54} 1-0

[Event "7th Uppsala Young Champions"]
[Site "Uppsala"]
[Date "2020.10.27"]
[Round "7.5"]
[White "Storme, Isak"]
[Black "Kucuksari, Kaan"]
[Result "1-0"]
[WhiteElo "2393"]
[BlackElo "2384"]
[Annotator "TA"]
[PlyCount "119"]
[EventDate "2020.10.23"]
[EventType "swiss"]
[EventCountry "SWE"]
[SourceTitle "playchess.com"]
[Source "ChessBase"]
[SourceQuality "1"]

{[%evp 15,119,17,17,-17,-10,-64,-52,-48,-58,-52,-52,-49,-50,-65,-58,-58,-51,-60,-42,-43,15,0,110,110,110,110,107,107,107,48,96,96,96,95,109,99,86,75,146,137,229,100,240,240,437,437,450,450,405,271,427,416,633,565,599,646,631,637,630,636,625,617,952,947,1160,1110,12839,12839,12840,12840,12841,12841,12839,12839,12840,12833,12834,12834,12835,12835,12835,12836,12836,12836,12844,4794,12835,12832,12843,12843,12844,12844,12845,12845,12846,12847,12847,12847,12849,12849,12850,12850,12850,27999,27999,27999]} 1. d4 Nf6 2. c4 e6 3. g3 d5 4. Bg2 dxc4 5. Nf3 Nc6 6. O-O a6 7. e3 Bd7 {7...Rb8 is the hot move. Played by Quang Liem Le in October 2020.} 8. Nc3 Bd6 {[#]} 9. b3 $146 {E04: Open Catalan: 5 Nf3.} ({Predecessor:} 9. Qe2 b5 10. e4 Be7 11. d5 Nb4 12. Ne5 O-O 13. a3 Nd3 14. Nxd3 cxd3 15. Qxd3 e5 16. h3 Bd6 {½-½ (33) Ipatov,A (2648)-Kveinys,A (2539) Drancy 2016}) 9... cxb3 10. e4 ({Better is} 10. Qxb3 $11 b5 11. Nd2) 10... Bb4 11. Qxb3 {Black is slightly better.} Bxc3 12. Qxc3 Nxe4 13. Qe1 Nf6 14. Ba3 $1 Ne7 15. Ne5 Nfd5 {...Bb5 is the strong threat.} 16. Qb1 Bb5 17. Re1 O-O (17... Bc6 $15) 18. Bxd5 Nxd5 (18... exd5 $11 {keeps the balance.} 19. Bxe7 Qxe7) 19. Bxf8 $16 Qxf8 20. a4 Bc6 21. Nxc6 bxc6 22. a5 (22. Qb7 $16) 22... c5 {[#]} 23. dxc5 $1 Qxc5 24. Qb7 $36 {[%mdl 2048] Keeping Black busy.} Qf8 25. Rab1 h5 26. Rec1 g6 (26... Qc8 $142) 27. Rc6 Rd8 {[#]} (27... h4 $16 {might work better.} 28. Rxa6 Rd8) 28. Rxa6 (28. h4 $1 $18) 28... Nc3 {Loses the game.} (28... h4 $16) 29. Ra1 $18 Ne2+ $2 (29... Nd5 30. Rc6 Rb8) 30. Kf1 Nd4 {If only Black now had time for ...c6....} 31. Qxc7 Nb3 32. Re1 Ra8 (32... Rc8 $142 33. Qb6 Rb8) 33. Rd1 {Threatening mate with Rxa8.} Rc8 (33... Rxa6 $142 34. Rd8 Rxa5 35. Rxf8+ Kxf8 36. Qb8+ Ke7 37. Qxb3 Rf5) 34. Qd6 Qe8 35. Ra7 Qb5+ 36. Qd3 Qc5 37. Qd7 ({Not} 37. Qxb3 Qxa7 38. Ra1 Qa6+ 39. Kg1 Rc5 $11) 37... Rf8 38. a6 h4 39. Rc7 Qh5 40. a7 Nc5 {[#]} 41. Qxf7+ $1 {[%mdl 576] Promotion} Rxf7 42. a8=Q+ Kg7 43. Qa1+ e5 44. g4 Qg5 45. Rxf7+ Kxf7 {[%mdl 4096] Endgame KQR-KQN} 46. Qa7+ Qe7 47. Qxe7+ Kxe7 {KR-KN} 48. Rd5 Nd7 49. Kg2 Ke6 50. Ra5 (50. Rxd7 $142 Kxd7 51. Kf3) 50... g5 51. Ra6+ Kf7 52. Ra7 Ke6 {[#]} 53. Rxd7 $1 {[%mdl 512]} Kxd7 {K3P-K3P} 54. Kf3 Kd6 55. Ke4 Ke6 56. h3 Kd6 57. Kf5 Kd5 58. Kxg5 Ke4 59. Kxh4 Kf3 60. g5 {Av CentiPawn Loss W=266/B=-74. Weighted=104/-133} 1-0

[Event "7th Uppsala Young Champions"]
[Site "Uppsala"]
[Date "2020.10.27"]
[Round "7.6"]
[White "Heimisson, Hilmir Freyr"]
[Black "Falkevall, Axel"]
[Result "0-1"]
[WhiteElo "2352"]
[BlackElo "2121"]
[Annotator "ChessBase"]
[PlyCount "122"]
[EventDate "2020.10.23"]
[EventType "swiss"]
[EventCountry "SWE"]
[SourceTitle "playchess.com"]
[Source "ChessBase"]
[SourceQuality "1"]
[TimeControl "5400+30"]

1. Nf3 {[%emt 0:00:55]} Nf6 {[%emt 0:00:00]} 2. c4 {[%emt 0:00:17]} e6 {[%emt 0:00:00]} 3. g3 {[%emt 0:01:33]} d5 {[%emt 0:00:31]} 4. b3 {[%emt 0:00:33]} c5 {[%emt 0:02:43]} 5. Bg2 {[%emt 0:01:19]} Nc6 {[%emt 0:00:48]} 6. O-O {[%emt 0:00:26]} Be7 {[%emt 0:01:48]} 7. e3 {[%emt 0:05:36]} O-O {[%emt 0:01:58]} 8. Bb2 {[%emt 0:04:14]} b6 {[%emt 0:04:47]} 9. Qe2 {[%emt 0:05:15]} Bb7 {[%emt 0:03:33]} 10. d3 {[%emt 0:10:37]} Rc8 {[%emt 0:05:44]} 11. Rd1 {[%emt 0:03:58]} Qc7 {[%emt 0:02:51]} 12. e4 {[%emt 0:08:22]} d4 {[%emt 0:06:26]} 13. Nbd2 {[%emt 0:03:06]} e5 {[%emt 0:03:34]} 14. Rf1 {[%emt 0:10:54]} Rce8 {[%emt 0:06:33]} 15. Rae1 {[%emt 0:00:16]} g6 {[%emt 0:09:22]} 16. Nh4 {[%emt 0:04:25]} Bc8 {[%emt 0:04:52]} 17. Bc1 {[%emt 0:00:35]} Bg4 {[%emt 0:04:40]} 18. Ndf3 {[%emt 0:02:11]} Kg7 {[%emt 0:04:14]} 19. Qd2 {[%emt 0:09:52]} Ng8 {[%emt 0:03:45]} 20. h3 {[%emt 0:01:14]} Bd7 {[%emt 0:01:03]} 21. Ng5 {[%emt 0:05:19]} h6 {[%emt 0:02:16]} 22. Ngf3 {[%emt 0:00:12]} f5 {[%emt 0:07:34]} 23. exf5 {[%emt 0:04:35]} gxf5 {[%emt 0:00:21]} 24. Re2 {[%emt 0:01:14]} Bf6 {[%emt 0:02:30]} 25. Rfe1 {[%emt 0:00:05]} Re7 {[%emt 0:02:17]} 26. Bh1 {[%emt 0:04:23]} Rfe8 {[%emt 0:01:51]} 27. Qd1 {[%emt 0:04:56]} Qd8 {[%emt 0:05:09]} 28. Ng2 {[%emt 0:02:39]} e4 {[%emt 0:03:24]} 29. Nfh4 {[%emt 0:00:17]} Nb4 {[%emt 0:01:16]} 30. Nf4 {[%emt 0:01:33]} Bxh4 {[%emt 0:00:52]} 31. gxh4 {[%emt 0:00:20]} Kh7 {[%emt 0:02:37]} 32. dxe4 {[%emt 0:00:57]} Rg7+ {[%emt 0:00:33]} 33. Kh2 {[%emt 0:00:20]} Qxh4 {[%emt 0:00:42]} 34. e5 {[%emt 0:01:52]} d3 {[%emt 0:02:54]} 35. Nxd3 {[%emt 0:01:08]} Nxd3 {[%emt 0:00:35]} 36. Qxd3 {[%emt 0:00:04]} Rxe5 {[%emt 0:00:40]} 37. Bd5 {[%emt 0:01:27]} Nf6 {[%emt 0:00:41]} 38. Rg1 {[%emt 0:00:36]} Ng4+ {[%emt 0:00:56]} 39. Rxg4 {[%emt 0:00:09]} Rxg4 {[%emt 0:00:01]} 40. Bf3 {[%emt 0:00:47]} Rd4 {[%emt 0:00:55]} 41. Qc2 {[%emt 0:00:31]} Qe7 {[%emt 0:01:17]} 42. Rxe5 {[%emt 0:00:52]} Qxe5+ {[%emt 0:00:03]} 43. Kg2 {[%emt 0:00:03]} Rd6 {[%emt 0:00:34]} 44. Bb2 {[%emt 0:00:54]} Rg6+ {[%emt 0:00:10]} 45. Kf1 {[%emt 0:00:06]} Qh2 {[%emt 0:00:52]} 46. Qd3 {[%emt 0:01:18]} Qg1+ {[%emt 0:00:23]} 47. Ke2 {[%emt 0:00:03]} Re6+ {[%emt 0:00:18]} 48. Kd2 {[%emt 0:00:10]} Qxf2+ {[%emt 0:00:27]} 49. Be2 {[%emt 0:00:03]} Qf4+ {[%emt 0:00:19]} 50. Ke1 {[%emt 0:00:34]} Rd6 {[%emt 0:01:15]} 51. Qc3 {[%emt 0:00:29]} Rd4 {[%emt 0:00:25]} 52. Bc1 {[%emt 0:00:29]} Qh4+ {[%emt 0:00:47]} 53. Kf1 {[%emt 0:00:00]} f4 {[%emt 0:00:21]} 54. Bf3 {[%emt 0:01:51]} Qxh3+ {[%emt 0:00:33]} 55. Kf2 {[%emt 0:00:41]} Qg3+ {[%emt 0:00:18]} 56. Ke2 {[%emt 0:00:10]} Qh2+ {[%emt 0:00:09]} 57. Ke1 {[%emt 0:00:13]} Bh3 {[%emt 0:00:51]} 58. Be3 {[%emt 0:01:17]} fxe3 {[%emt 0:00:42]} 59. Qxe3 {[%emt 0:00:03]} Qg3+ {[%emt 0:00:14]} 60. Ke2 {[%emt 0:00:02]} Bf1+ {[%emt 0:00:32]} 61. Kxf1 {[%emt 0:00:24]} Rd1+ {[%emt 0:00:12]} 0-1

[Event "7th Uppsala Young Champions"]
[Site "Uppsala"]
[Date "2020.10.27"]
[Round "7.7"]
[White "Nemec, Jachym"]
[Black "Mica, Marek"]
[Result "1-0"]
[WhiteElo "2246"]
[BlackElo "2294"]
[Annotator "TA"]
[PlyCount "65"]
[EventDate "2020.10.23"]
[EventType "swiss"]
[EventCountry "SWE"]
[SourceTitle "playchess.com"]
[Source "ChessBase"]
[SourceQuality "1"]

{[%evp 20,64,50,45,58,41,69,0,4,0,0,0,61,0,0,0,365,361,352,349,349,345,325,357,503,494,526,538,866,861,850,839,29984,29985,29989,29990,29993,29994,29994,29995,29995,29996,29996,29997,29999,29999,29999]} 1. d4 Nf6 2. c4 e6 3. Nf3 Bb4+ 4. Bd2 c5 5. Bxb4 cxb4 6. a3 bxa3 7. Rxa3 O-O 8. Nc3 d6 9. e3 Nc6 10. Be2 e5 11. O-O Bg4 {E11: Bogo-Indian.} 12. Qd2 {[#]} Qb6 $146 ({Predecessor:} 12... a5 13. Rd1 Re8 14. Nb5 Qe7 15. h3 Bh5 16. Qe1 Nb4 17. Nxd6 Qxd6 18. dxe5 Qb6 19. exf6 {½-½ (37) Bosman,M (2322)-Ikonnikov,V (2544) Leiden 2016}) 13. c5 ({White should try} 13. Rd1 $14) 13... dxc5 $11 {The position is equal.} 14. dxe5 Nd7 15. Ng5 Bxe2 (15... Ndxe5 $11 16. Qc2 (16. Bxg4 Nxg4 17. Qc2 g6 $11) 16... g6) 16. Qxe2 (16. Qc2 $1 $14 g6 17. Qxe2) 16... Ncxe5 17. f4 $40 {[%mdl 128] White is up to no good.} Nc6 $2 {[%mdl 8192] [#] White leaves nothing to chance now.} (17... Ng6 $11 {and Black has nothing to worry.}) 18. Qd3 $1 $18 {[%csl Gg5,LRd7,LRh7][%cal Rd3h7][%mdl 576] Double Attack} g6 19. Qxd7 Qxb2 20. Qh3 {[%csl Gg5][%cal Rh3h7]} h5 21. Rfa1 b5 (21... Rae8 {was necessary.} 22. Nge4 f5) 22. Nce4 c4 23. R3a2 Qh8 24. Qd7 Nb4 25. Rxa7 Rxa7 26. Rxa7 {White mates.} Qb2 27. h3 Qc1+ {[#]} 28. Kh2 $1 Qxe3 29. Nf6+ Kh8 30. Nxf7+ Kg7 31. Ng5+ Kxf6 {[#]} 32. Qf7+ $1 {[%mdl 512]} Rxf7 33. Rxf7# {Av CentiPawn Loss W=-6/B=-88. Weighted=-6/-90} 1-0

[Event "7th Uppsala Young Champions"]
[Site "Uppsala"]
[Date "2020.10.27"]
[Round "7.8"]
[White "Wernberg, Hugo"]
[Black "Johnson, Daniel"]
[Result "0-1"]
[WhiteElo "2211"]
[BlackElo "2100"]
[Annotator "TA"]
[PlyCount "120"]
[EventDate "2020.10.23"]
[EventType "swiss"]
[EventCountry "SWE"]
[SourceTitle "playchess.com"]
[Source "ChessBase"]
[SourceQuality "1"]

{[%evp 9,120,0,2,0,18,-21,-22,-38,-38,-44,-33,-32,-25,-28,-6,-21,27,6,35,21,55,55,55,55,55,55,55,55,68,7,32,23,64,62,75,86,89,89,92,81,73,63,90,90,156,152,141,96,101,43,74,0,0,-8,-11,-15,-12,-12,-18,-43,-33,-106,-77,-87,-104,-120,-91,-437,-480,-498,-498,-497,-497,-678,-668,-620,-484,-709,-704,-772,-777,-735,-675,-875,-563,-1767,-1587,-1892,-1635,-2115,-2243,-1883,-1981,-6199,-5715,-5490,-7222,-4316,-2683,-29973,-6543,-29989,-29988,-29988,-29982,-29983,-29982,-29983,-29983,-29984,-29985,-29985,-29986]} 1. e4 e5 2. Nf3 Nc6 3. Bb5 g6 4. Bxc6 dxc6 5. b3 Bg7 6. Bb2 {[#] C60: Ruy Lopez: Unusual Black 3rd moves and 3...g6.} c5 $146 ({Predecessor:} 6... Qe7 7. O-O c5 8. d3 Nh6 9. Nbd2 f6 10. Nc4 Be6 11. Qe2 Nf7 12. a4 a5 13. Nfd2 Nd6 14. Ne3 O-O 15. Rad1 g5 16. Ndc4 Nxc4 17. dxc4 c6 18. Bc3 b6 {½-½ (18) Khavsky,S (2318)-Koshil,T (2045) Odintsovo 2011}) 7. h3 ({Wrong is} 7. Bxe5 $2 Bxe5 8. Nxe5 Qd4 $19) 7... f6 8. O-O {The position is equal.} Ne7 9. Nc3 O-O 10. d3 Be6 11. Ne2 Qe8 12. Nd2 g5 13. Nc4 Qd7 14. Ne3 Ng6 15. Ng3 Nh4 16. a4 a5 17. Kh2 Bh8 18. Nh1 Ng6 19. g4 (19. Re1 $14) 19... Rfd8 20. Ng3 Bg7 21. Nef5 Qf7 22. Bc1 Rd7 23. Qf3 Bf8 24. Be3 b6 25. Rh1 Rad8 26. Kg1 Bxb3 (26... Nf4 $142) 27. cxb3 $16 Rxd3 28. h4 Nf4 29. Rb1 (29. Nh5 $16) 29... Rxb3 $14 30. Rxb3 ({Better is} 30. Kh2 $16) 30... Qxb3 $11 31. Nh5 Qd1+ 32. Qxd1 Rxd1+ 33. Kh2 Rxh1+ 34. Kxh1 Kf7 $1 {aiming for ...c4.} 35. Kg1 {[#]} (35. hxg5 $1 $15 fxg5 36. Nxf4 exf4 37. Bd2) 35... c4 $1 $17 36. Kf1 {[#]} Bb4 $1 37. Nxf4 gxf4 38. Ke2 $2 {[%mdl 8192]} (38. Bc1 $17 {was the crucial defense.}) 38... fxe3 $19 39. Nxe3 {[%mdl 4096] Endgame KB-KN} c6 40. Nxc4 b5 {[%cal Bb6b5,Bb5a4,Ba4a3][%mdl 32]} 41. Nb2 Bc3 42. Nd3 Bd4 43. Kd1 (43. axb5 $142 cxb5 44. Kd2) 43... bxa4 44. Kc2 c5 45. f3 a3 {Hoping for ...a2.} 46. Kb1 c4 47. Ne1 Ke6 48. Nc2 Bc5 49. Ne1 Bb4 50. Nc2 Kd6 51. Ne3 Kc5 52. Nc2 c3 53. Na1 Kd4 54. Nc2+ Kd3 55. f4 {[#]} a2+ $1 {Black mates.} 56. Kc1 (56. Kxa2 Kxc2) 56... Kxe4 57. f5 Kf4 58. g5 Kxf5 59. gxf6 Kxf6 60. Kd1 {[#]} Ba3 $1 {What a bad dream for White. Av CentiPawn Loss W=-50/B=-34. Weighted=-33/-6} 0-1